Právo na odpor a občanskou neposlušnost /

Hlavní autor: Kysela, Jan, 1974-
Jazyk: Čeština
Vydáno: Brno : Doplněk, 2001
Vydání: Vyd. 1.
Témata:
Externí odkaz: Digitalizovaný dokument
Fyzický popis: 120 s. ; 20 cm
Knihy
Uloženo v:
LEADER 01450nam a2200397 a 4500
001 000564797
003 CZ BrMZK
005 20070119072648.0
007 ta
008 000115s2001 xr f cze d
015 |a cnb001004150 
020 |a 80-7239-078-3 
035 |a (OCoLC)49917117 
040 |a BOA001  |b cze 
043 |a e-xr--- 
072 7 |a 342  |x Ústavní právo. Správní právo  |2 Konspekt  |9 16 
080 |a 342.716  |2 MRF 
080 |a 343.343  |2 MRF 
080 |a (437.3)  |2 MRF 
080 |a (048.8)  |2 MRF 
100 1 |a Kysela, Jan,  |d 1974-  |7 ola2003182124  |4 aut 
245 1 0 |a Právo na odpor a občanskou neposlušnost /  |c Jan Kysela 
250 |a Vyd. 1. 
260 |a Brno :  |b Doplněk,  |c 2001 
300 |a 120 s. ;  |c 20 cm 
504 |a Bibliografie na s. 114-118 
650 0 7 |a právo na odpor  |7 ph136531  |2 czenas 
650 0 7 |a právo na odpor  |7 ph136531  |z Česko  |2 czenas 
650 0 7 |a občanská neposlušnost  |7 ph135601  |2 czenas 
650 0 7 |a občanská neposlušnost  |7 ph135601  |z Česko  |2 czenas 
655 7 |a studie  |7 fd133597  |2 czenas 
856 4 1 |u http://www.digitalniknihovna.cz/mzk/uuid/uuid:23e7d0a0-fdf0-11e3-9789-005056827e52  |y Digitalizovaný dokument  |x NDK 
910 |a BOA001  |b 2-1087.567 
990 |a BK 
996 6 |b 2610138003  |c 2-1087.567  |l MZK  |r Sklad / do 1 hodiny  |n 5  |p p.v.  |w 000564797  |u 000010  |a 1  |e BOA001  |j MZK50  |s P 
996 7 |b 2610138649  |c 2-1087.567  |l MZK  |r Sklad / do 1 hodiny  |n 33  |p kup  |w 000564797  |u 000020  |a 1  |e BOA001  |j MZK50  |s A